Korporácie získavajú stále väčšiu moc
Začiatok 21. storočia je v znamení tvorby nového globálneho prostredia, ktoré je novým formujúcim priestorom pre fungovanie civilizácie, spoločnosti a ekonomiky, a takisto pre život jednotlivých ľudí. Globálne prostredie civilizácie. Globálna ekonomika. Riziká rozpadu národných štátov.
Salvato in:
| Autore principale: | |
|---|---|
| Natura: | Capitolo di libro |
| Lingua: | slovacco |
| Soggetti: | |
| Tags: |
Nessun Tag, puoi essere il primo ad aggiungerne!!
|
MARC
| LEADER | 00000naa$a2200000$$$4500 | ||
|---|---|---|---|
| 001 | 0109092 | ||
| 005 | 20231016090222.4 | ||
| 041 | 0 | |a slo | |
| 044 | |a SK | ||
| 245 | 1 | 0 | |a Korporácie získavajú stále väčšiu moc |c Ivan Klinec |
| 520 | |a Začiatok 21. storočia je v znamení tvorby nového globálneho prostredia, ktoré je novým formujúcim priestorom pre fungovanie civilizácie, spoločnosti a ekonomiky, a takisto pre život jednotlivých ľudí. Globálne prostredie civilizácie. Globálna ekonomika. Riziká rozpadu národných štátov. | ||
| 610 | 2 | 0 | |a globalizácia |
| 610 | 2 | 0 | |a civilizácia |
| 610 | 2 | 0 | |a spoločnosť |
| 610 | 2 | 0 | |a spoločnosť globálna |
| 610 | 2 | 0 | |a hospodárstvo svetové |
| 610 | 2 | 0 | |a národ |
| 610 | 2 | 0 | |a štát |
| 100 | 1 | |a Klinec, Ivan | |